000 00277nam a22001097a 4500
008 230620b xxu||||| |||| 00| 0 eng d
082 _a320.3
_bHAG 1978
245 _aRegimes, Movements, and Ideologies
260 _aUSA
_bLongman Inc.
_c1978
300 _aXV,508p
942 _2ddc
_cBK
999 _c1641
_d1641